Financial Analytics with R Building a Laptop Laboratory for Data Science

Saved in:
Bibliographic Details
Main Author: Mark J. Bennett
Format: Book
Published: CUP
Tags: Add Tag
No Tags, Be the first to tag this record!

MARC

LEADER 00000nam a2200000Ia 4500
005 20260513122049.0
020 |a 9781107150751 
100 |a Mark J. Bennett 
365 |c £ 
365 |b 28.00 
942 |c BK 
245 |a Financial Analytics with R Building a Laptop Laboratory for Data Science 
260 |b CUP 
999 |c 21  |d 21 
952 |0 0  |1 0  |4 0  |7 0  |a UNSW  |b UNSW  |d 2026-05-06  |g 63.00  |i 16684  |l 0  |p 000126  |r 2026-05-13 12:20:49  |v 63.00  |w 2026-05-13  |y BK